Pokémon Unite: Les Pokémon jouables - Statistiques

Statistiques générales
  • Ce quiz a été pris 174 fois
    100 depuis la dernière actualisation
  • Le résultat moyen est 35 sur 62
Statistiques - réponses
Pokémon % Correct
Dracaufeu
93%
Pikachu
93%
Tortank
89%
Mentali
85%
Noctali
81%
Nymphali
81%
Amphinobi
80%
Florizarre
80%
Givrali
80%
Mew
78%
Pyrobut
78%
Phyllali
76%
Mega-Mewtwo X
74%
Mega-Mewtwo Y
74%
Carchacrok
72%
Lucario
72%
Zeraora
69%
Ectoplasma
67%
Flambusard
65%
Grodoudou
65%
Leuphorie
65%
Ronflex
65%
Braségali
63%
Mackogneur
63%
Absol
59%
Gardevoir
57%
Archéduc
56%
Lézargus
56%
Dracolosse
54%
Blancoton
52%
Guérilande
52%
Mouscoto
52%
Zacian
52%
Zoroark
52%
Exagide
50%
Hoopa
50%
Nigosier
50%
Cizayox
48%
Crabaraque
48%
Flagadoss
48%
Lanssorien
48%
Melodelfe
48%
Miascarade
48%
Feunard d'Alola
46%
Goupelin
46%
Lokhlass
46%
M. Mime
46%
Muplodocus
44%
Tenefix
44%
Tyranocif
44%
Mammochon
43%
Métalosse
43%
Mimiqui
43%
Desséliande
39%
Shifours
37%
Rongrigou
35%
Azumarill
31%
Dodrio
31%
Sucreine
30%
Duralugon
28%
Lugulabre
28%
Wushours
4%
Aucun quiz correspondant
Distribution des résultats
% des personnes avec chaque résultat
Percentile par nombre de réponses
Votre historique - résultats
Vous n’avez pas pris ce quiz depuis la dernière actualisation